[Event "Speed Chess Championship 2020"]
[Site "Online"]
[Date "2020.11.12"]
[Round "1.14"]
[White "Martirosyan, Haik M."]
[Black "Nakamura, Hikaru"]
[Result "1/2-1/2"]
[WhiteElo "2622"]
[BlackElo "2736"]
[Annotator "TA"]
[PlyCount "156"]
[EventDate "2020.10.31"]
[EventType "k.o."]
[SourceTitle "playchess.com"]
[Source "ChessBase"]
[SourceQuality "1"]

{[%evp 12,156,8,14,0,11,10,8,12,16,16,17,10,8,88,93,83,83,109,69,75,56,85,76,64,80,83,37,32,19,52,16,19,21,72,68,50,43,49,35,50,35,56,10,61,58,41,34,56,55,92,108,175,175,183,186,229,242,239,241,242,239,260,248,259,259,288,288,288,288,288,252,242,156,154,154,140,112,112,112,112,70,112,70,170,69,69,36,44,36,146,46,202,213,215,179,184,14,14,14,189,139,122,73,73,60,51,26,22,22,789,687,29969,940,830,58,75,0,671,533,1356,359,913,822,862,15,26,0,0,0,0,0,0,0,8,-8,-8,-8,-8,-8,-8,-8,-8,-8,-8,-8,-8]} 1. d4 Nf6 2. Nf3 e6 3. c4 d5 4. Nc3 Be7 5. Bf4 O-O 6. e3 Nbd7 {6...b6 is setting a new trend.} 7. Be2 dxc4 {D37: Queen's Gambit Declined: 5 Bf4.} 8. O-O a6 9. a4 c5 10. d5 exd5 11. Nxd5 Nxd5 12. Qxd5 {[#]} c3 $146 (12... Nf6 $1 $11 {remains equal.} 13. Qe5 Be6) ({Predecessor:} 12... Nf6 13. Qxc4 Be6 14. Qc2 h6 15. Rfd1 Qb6 16. Nd2 Rad8 17. Nc4 Qc6 18. Ne5 Qb6 19. Nc4 Qc6 20. Ne5 Qb6 21. Nc4 {½-½ (21) Adhiban,B (2659)-Karjakin,S (2752) chess.com INT 2020}) 13. bxc3 $16 Nf6 {[%cal Bd7f6,Bf6e4,Be4c3][%mdl 32]} 14. Qb3 Be6 15. c4 Qc8 16. Rab1 b5 17. axb5 axb5 18. Qxb5 Ne4 19. Qb3 Bf6 20. Bd3 Nc3 21. Rb2 {next Rc2 is good for White.} (21. Rbc1 $5 {[%cal Rc1c3]} Na2 22. Rcd1 $14) 21... Rd8 22. Qc2 Qa6 (22... Rxd3 $11 23. Qxd3 Bf5) 23. Be5 Bxc4 24. Bxc4 Qxc4 25. Bxf6 gxf6 26. h3 Ra3 27. Rfb1 Qe4 (27... Qd5 $11) 28. Qxe4 $14 Nxe4 29. Rc1 Rc8 30. Rbc2 Rca8 31. Nh4 R3a5 (31... Ra1 $16 {was called for.}) 32. f3 $18 Nd6 33. Rxc5 Rxc5 34. Rxc5 {[%mdl 4096] Endgame KRN-KRN} Ra6 35. e4 Rb6 36. Rd5 Ra6 37. Kh2 Rb6 38. g4 Ra6 39. Kg3 h6 40. Ng2 Rb6 41. Kf4 Nc4 42. Nh4 Ne5 43. Rd8+ Kh7 44. Kg3 Rb3 45. Rd2 Ra3 46. Rf2 Nd3 47. Rf1 Ne5 (47... h5 $1 $14) 48. Ng2 ({White should play} 48. Nf5 $18) 48... h5 $1 $14 49. gxh5 Kh6 50. Nf4 {And now Nd5 would win.} Rb3 {[#]} (50... Nc4 $14) 51. h4 (51. Nd5 $1 $16) 51... Ra3 $2 {[#]} (51... Nc4 $1 $14) 52. Nd5 $1 $18 f5 {intending ...fxe4.} 53. exf5 Kxh5 54. Kf4 $2 ({Better is} 54. Nf6+ $18 Kh6 55. Ng4+ Nxg4 56. Kxg4) 54... Nd3+ $11 55. Ke4 Kh6 $2 (55... Kxh4 $11 56. f4 Nc5+ 57. Kd4 Nb3+ 58. Ke5 Nd2) 56. Kd4 Nb2 57. Rb1 Ra4+ 58. Kc3 Nc4 59. Rb7 {aiming for f4.} Ne5 $1 60. f4 Ng4 $2 {[%mdl 8192]} (60... Nf3 $11) 61. Rxf7 $18 {Cut Off at move 61} Nf2 62. f6 (62. Nf6 $142 Ne4+ 63. Kb3 Ra7 64. Ng8+ Kh5 65. Rxa7 Kg4 66. f6 Nc5+ 67. Kc4) 62... Ne4+ 63. Kb3 $2 (63. Kd3 $18 {Strongly threatening Ne7.} Nd6 64. Rg7) 63... Nc5+ $14 64. Kc3 Ne4+ 65. Kc2 Kg6 66. Rf8 $2 (66. Rg7+ Kh6 67. Ne3) 66... Ra5 $2 (66... Kf5 67. Re8 Nd6 68. Re5+ Kg4) 67. Ne7+ $18 Kh7 68. f7 $2 (68. Kd3 $18 Ra4 69. f5) 68... Kg7 $11 69. Ng6 Kxg6 {KRN-KR. The position is equal.} 70. Re8 Rc5+ 71. Kd3 Nf2+ 72. Kd4 Kxf7 73. Kxc5 Kxe8 {KN-KPP} 74. f5 Kf7 75. h5 Ng4 76. h6 Nxh6 77. f6 Nf5 78. Kd5 Kxf6 {Weighted Error Value: White=0.23/Black=0.28} 1/2-1/2

[Event "Speed Chess Championship 2020"]
[Site "Online"]
[Date "2020.11.02"]
[Round "1.14"]
[White "Nihal Sarin"]
[Black "Vachier-Lagrave, Maxime"]
[Result "1-0"]
[WhiteElo "2620"]
[BlackElo "2784"]
[Annotator "TA"]
[PlyCount "93"]
[EventDate "2020.10.31"]
[EventType "k.o."]

{[%evp 12,93,-4,-14,2,4,3,-14,4,-14,0,-4,28,-20,18,-21,-22,-15,-4,-14,0,6,10,13,8,7,21,37,34,-14,-22,-62,6,12,10,0,22,22,54,51,36,36,63,63,71,75,76,41,64,0,713,713,599,506,506,506,481,0,483,483,29973,29974,5402,786,786,442,666,643,782,0,332,0,788,790,756,731,1087,1078,1028,997,6187,5189,2088,2039]} 1. d4 d5 2. Bf4 Nf6 3. e3 e6 4. Nf3 Bd6 5. Bg3 O-O 6. Nbd2 b6 7. Bd3 Ba6 {D02: 1 d4 d5 2 Nf3 sidelines, including 2...Nf6 3 g3 and 2...Nf6 3 Bf4.} 8. Bxa6 Nxa6 9. O-O c5 {[#] The position is equal.} 10. c4 $146 ({Predecessor:} 10. Qe2 Nb4 11. c3 Nc6 12. Ne5 Qc7 13. Nxc6 Bxg3 14. hxg3 Qxc6 15. Nf3 Ne4 16. Ne5 {0-1 (39) Radovic,S (2031)-Budisavljevic,L (2381) Veliko Gradiste 2019}) 10... cxd4 11. Nxd4 Nc5 12. Qe2 Rc8 13. Rac1 Bxg3 14. hxg3 Qd7 15. Rfd1 Rfd8 16. cxd5 Nxd5 17. N2f3 Qb7 18. a3 a5 19. Ne5 a4 20. e4 Ne7 21. f3 Ng6 (21... Qb8 $15 22. Nc4 Rxd4 {[%mdl 64] Decoy} 23. Rxd4 Nb3 {[%mdl 64] Double Attack}) 22. Nxg6 $11 hxg6 23. Nb5 Qb8 24. e5 Nb3 25. Rxc8 Qxc8 26. Nd6 Qc6 27. Kh2 Nc5 28. Qe3 f6 29. Rd4 g5 30. exf6 (30. f4 $14 Nb3 31. Rd1) 30... Rxd6 $4 {[%mdl 8192] [#] White leaves nothing to chance now.} (30... gxf6 $11 31. Nc4 (31. Ne4 Rxd4 32. Qxd4 Nxe4 $11) 31... Qc7) 31. Qxg5 $1 $18 {[%csl Gf6][%cal Rg5g7][%mdl 512]} Rd7 {[#]} 32. Qg6 $1 {[%mdl 512] White threatens Qe8+ and mate.} Qc8 33. Rh4 {Threatening mate with Qh7+.} Qf8 {intending ...Qf7.} 34. Qh7+ $40 {[%mdl 128] White mounts an attack.} Kf7 {...Qg8 is the strong threat.} 35. Rg4 {[%cal Rf6g7]} Rd8 (35... Kxf6 $18 36. Rf4+ {[%mdl 64] Skewer} Ke7) 36. fxg7 Qg8 37. Qg6+ (37. Rf4+ $142 Ke7 38. Qh4+ Ke8 39. Rf8+ {[%mdl 64] Overworked Piece} Qxf8 40. gxf8=Q+ Kxf8 41. Qxd8+ {[%mdl 64] Double Attack} Kf7 42. g4) 37... Ke7 38. Rf4 Nd7 (38... Kd6 $142 39. Qh6 Nd7 40. Rxa4 Kc7 41. Rc4+ Kb7) 39. Qg5+ Ke8 40. Qg6+ (40. Rxa4 $142 {Threatens to win with Qxd8+!} Kf7 41. Rf4+ Ke8 42. Rh4) 40... Ke7 41. Qg5+ $2 ({But not} 41. Rxa4 Nf6) (41. Kg1) 41... Ke8 42. Rxa4 {White is clearly winning.} Rc8 43. Rh4 Rc5 44. Qg6+ Ke7 45. Rh8 Ne5 46. Qg5+ Kf7 47. Qf4+ {Av CentiPawn Loss W=-71/B=563. Weighted=-131/173} 1-0

[Event "Speed Chess Championship 2020"]
[Site "Online"]
[Date "2020.11.04"]
[Round "1.15"]
[White "Carlsen, Magnus"]
[Black "Maghsoodloo, Parham"]
[Result "1-0"]
[WhiteElo "2862"]
[BlackElo "2676"]
[Annotator "TA"]
[PlyCount "83"]
[EventDate "2020.10.31"]
[EventType "k.o."]
[SourceTitle "playchess.com"]
[Source "ChessBase"]
[SourceQuality "1"]

{[%evp 11,83,18,30,23,20,15,0,12,14,10,17,4,18,16,20,14,17,11,31,37,33,26,37,25,53,45,40,42,42,30,45,33,12,0,9,12,12,12,5,5,12,5,93,4,29,0,0,0,0,0,77,63,64,92,349,339,301,316,358,343,311,341,493,456,12827,12827,12828,12828,5822,1525,11954,6604,5289,2847]} 1. e4 e6 2. d4 d5 3. exd5 exd5 4. Nf3 Bd6 5. c4 c6 6. Nc3 Ne7 7. h3 {C01: French: Exchange Variation.} O-O 8. Bd3 dxc4 9. Bxc4 {The position is equal.} Bf5 $5 {[%mdl 4] Leaves trodden paths.} 10. O-O Nd7 11. Re1 Nb6 12. Bb3 Ned5 13. Ne5 {[#]} Re8 $146 ({Predecessor:} 13... Bxe5 14. Rxe5 Qd7 15. Qf3 Be6 16. Ne4 Rae8 17. a4 Ne7 18. Nf6+ gxf6 19. Qxf6 Qd8 20. Rxe6 {1-0 (44) Carlsen,M (2832)-Jobava,B (2707) Leuven 2017}) 14. Qf3 Be6 15. Ne4 f6 16. Nd3 Bf7 17. Bd2 Bf8 18. Nec5 Qc7 19. Ba5 Rad8 20. h4 Qc8 21. h5 h6 22. Rac1 (22. a4 {feels hotter.} Bd6 23. Ne4 Bb8 24. Bd2 Kh8 25. Bf4) 22... Rxe1+ 23. Rxe1 Re8 24. Rxe8 Qxe8 25. Nxb7 Bxh5 26. Qg3 Qe4 (26... g5 $11) 27. Qe3 ({Better is} 27. Nd8 $16) 27... Qf5 $11 28. Bxb6 axb6 29. Nd8 Kh8 30. Qg3 c5 (30... Be8 $11 {keeps the balance.} 31. Qb8 Qxd3) 31. dxc5 $16 bxc5 32. Nb7 {Threatens to win with Qb8.} Nb6 $2 {[%mdl 8192] [#] A mistake that costs the game.} (32... Bf7 $16 {was worth a try.}) 33. Nbxc5 $1 $18 {[%mdl 512]} Bxc5 34. Qb8+ Nc8 {Hoping for ...Bb6.} 35. Nxc5 {[%mdl 64] Overworked Piece} Qxc5 36. Be6 Kh7 ({Stronger than} 36... Qc1+ 37. Kh2 $16) (36... Be8 $142 37. b4 (37. Bxc8 Kh7 $16) (37. Qxc8 Qxc8 38. Bxc8 Kg8 $16) 37... Qc1+ 38. Kh2 Qg5) 37. Qxc8 {White is clearly winning.} Qe5 (37... Qxc8 $142 38. Bxc8 Be8) 38. Qg8+ Kg6 39. Bf7+ Kf5 40. Bxh5 Qe1+ 41. Kh2 Qxf2 42. Qd5+ {Av CentiPawn Loss W=-89/B=162. Weighted=-40/40} 1-0

[Event "Speed Chess Championship 2020"]
[Site "Online"]
[Date "2020.11.08"]
[Round "1.15"]
[White "So, Wesley"]
[Black "Abdusattorov, Nodirbek"]
[Result "1-0"]
[WhiteElo "2816"]
[BlackElo "2662"]
[Annotator "ChessBase"]
[PlyCount "59"]
[EventDate "2020.10.31"]
[EventType "k.o."]
[SourceTitle "playchess.com"]
[Source "ChessBase"]
[SourceQuality "1"]
[TimeControl "180+1"]

1. e4 {[%emt 0:00:01]} c6 {[%emt 0:00:01]} 2. d4 {[%emt 0:00:00]} d5 {[%emt 0:00:00]} 3. Nc3 {[%emt 0:00:01]} dxe4 {[%emt 0:00:01]} 4. Nxe4 {[%emt 0:00:00]} Nf6 {[%emt 0:00:01]} 5. Nxf6+ {[%emt 0:00:01]} exf6 {[%emt 0:00:00]} 6. c3 {[%emt 0:00:00]} Bd6 {[%emt 0:00:01]} 7. Bd3 {[%emt 0:00:01]} O-O {[%emt 0:00:02]} 8. Ne2 {[%emt 0:00:00]} Re8 {[%emt 0:00:03]} 9. Qc2 {[%emt 0:00:03]} h5 {[%emt 0:00:01]} 10. Be3 {[%emt 0:00:03]} Nd7 {[%emt 0:00:01]} 11. O-O-O {[%emt 0:00:01]} Nf8 {[%emt 0:00:00]} 12. h3 {[%emt 0:00:04]} Be6 {[%emt 0:00:15]} 13. Kb1 {[%emt 0:00:01]} a5 {[%emt 0:00:04]} 14. Nf4 {[%emt 0:00:04]} Bxf4 {[%emt 0:00:04]} 15. Bxf4 {[%emt 0:00:00]} b5 {[%emt 0:00:03]} 16. g4 {[%emt 0:00:32]} Qd5 {[%emt 0:00:04]} 17. c4 {[%emt 0:00:10]} bxc4 {[%emt 0:00:15]} 18. Be4 {[%emt 0:00:00]} Qb5 {[%emt 0:00:01]} 19. a4 {[%emt 0:00:06]} Qb6 {[%emt 0:00:40]} 20. gxh5 {[%emt 0:00:03]} Rad8 {[%emt 0:00:09]} 21. Rhg1 {[%emt 0:00:08]} Bd5 {[%emt 0:00:35]} 22. Bxd5 {[%emt 0:00:04]} Rxd5 {[%emt 0:00:00]} 23. Bh6 {[%emt 0:00:01]} Ne6 {[%emt 0:00:03]} 24. Bxg7 {[%emt 0:00:05]} Nxg7 {[%emt 0:00:01]} 25. h6 {[%emt 0:00:01]} Rg5 {[%emt 0:00:01]} 26. h4 {[%emt 0:00:12]} Rxg1 {[%emt 0:00:25]} 27. Rxg1 {[%emt 0:00:00]} Kh8 {[%emt 0:00:23]} 28. Rxg7 {[%emt 0:00:06]} Re1+ {[%emt 0:00:01]} 29. Ka2 {[%emt 0:00:01]} f5 {[%emt 0:00:05]} 30. Qxc4 {[%emt 0:00:04]} 1-0

[Event "Speed Chess Championship 2020"]
[Site "Online"]
[Date "2020.11.02"]
[Round "1.15"]
[White "Vachier-Lagrave, Maxime"]
[Black "Nihal Sarin"]
[Result "1-0"]
[WhiteElo "2784"]
[BlackElo "2620"]
[Annotator "TA"]
[PlyCount "79"]
[EventDate "2020.10.31"]
[EventType "k.o."]

{[%evp 13,79,1,12,8,14,7,18,14,22,6,4,0,0,0,2,0,0,0,0,0,0,0,0,0,0,0,0,0,0,0,0,0,19,0,6,0,0,0,0,0,25,-6,0,0,18,0,86,86,169,155,163,157,1179,1161,29981,29982,29981,29982,29980,1932,1760,1768,29970,29948,29996,29997,29997,29998]} 1. Nf3 d5 2. g3 g6 3. Bg2 Bg7 4. d4 Nf6 5. O-O O-O 6. Nbd2 c6 {6...c6 has lost popularity.} 7. a4 a5 8. b3 {D02: 1 d4 d5 2 Nf3 sidelines, including 2...Nf6 3 g3 and 2...Nf6 3 Bf4.} Na6 9. Ba3 Re8 10. c3 {The position is equal.} Bf5 {[#]} 11. Re1 $146 ({Predecessor:} 11. Ne5 Qc8 12. Re1 Bh3 13. Bh1 Ng4 14. Ndf3 Nxe5 15. Nxe5 Qc7 16. e4 dxe4 17. Bxe4 {½-½ (57) Romanishin,O (2535)-Bosboom,M (2470) Groningen 1990}) 11... Ne4 12. Rc1 Nxd2 13. Qxd2 Be4 14. Bh3 Qb6 15. Qd1 Bxf3 16. exf3 e5 17. dxe5 Rxe5 18. Rxe5 Bxe5 19. Qc2 Bf6 20. Re1 Nc5 21. Rb1 Re8 22. Bf1 Kg7 23. Kg2 Ne6 24. Bc1 Qc5 25. Bd2 d4 {[%cal Rd4c3]} 26. c4 b6 27. Re1 Rd8 28. h4 d3 29. Qc1 Nd4 (29... Bd4 $11) 30. Bxd3 $16 Nxb3 (30... Ne6 $16 {might work better.} 31. Bc2 Kg8) 31. Bh6+ $18 Kg8 {[#]} 32. Qf4 $1 {[%cal Rf4f6]} Qd4 $2 {[#] This costs Black the game.} (32... Bg7 $16) 33. Re4 $1 Qc3 34. Qe3 Rf8 35. Bxf8 Kxf8 36. Qh6+ (36. h5 $142 Be5 37. Rxe5 Qxe5 38. Qxe5 Nc5 39. Be4 Ne6 40. Qd6+ Kg7 41. hxg6 hxg6 42. Bxc6) 36... Bg7 {[#]} 37. Qf4 $1 {[%cal Rf4b8]} Bf6 {[#]} 38. h5 $1 {[%mdl 64] Decoy. White mates.} gxh5 {[#]} 39. Qh6+ $1 {[%mdl 64] Double Attack} Bg7 40. Qd6+ {Av CentiPawn Loss W=-34/B=-98. Weighted=-27/-79} 1-0

[Event "Speed Chess Championship 2020"]
[Site "Online"]
[Date "2020.11.04"]
[Round "1.15"]
[White "Firouzja, Alireza"]
[Black "Fedoseev, Vladimir"]
[Result "1-0"]
[WhiteElo "2749"]
[BlackElo "2676"]
[Annotator "ChessBase"]
[PlyCount "155"]
[EventDate "2020.10.31"]
[EventType "k.o."]
[SourceTitle "playchess.com"]
[Source "ChessBase"]
[SourceQuality "1"]
[TimeControl "180+1"]

1. Nf3 {[%emt 0:00:01]} d5 {[%emt 0:00:01]} 2. g3 {[%emt 0:00:00]} c6 {[%emt 0:00:00]} 3. Bg2 {[%emt 0:00:02]} Bf5 {[%emt 0:00:01]} 4. O-O {[%emt 0:00:06]} e6 {[%emt 0:00:01]} 5. d3 {[%emt 0:00:03]} Nf6 {[%emt 0:00:01]} 6. c4 {[%emt 0:00:08]} dxc4 {[%emt 0:00:05]} 7. dxc4 {[%emt 0:00:01]} Qxd1 {[%emt 0:00:00]} 8. Rxd1 {[%emt 0:00:01]} Nbd7 {[%emt 0:00:01]} 9. Nc3 {[%emt 0:00:14]} e5 {[%emt 0:00:04]} 10. b3 {[%emt 0:00:10]} Bb4 {[%emt 0:00:15]} 11. Bb2 {[%emt 0:00:04]} O-O {[%emt 0:00:02]} 12. Nh4 {[%emt 0:00:26]} Be6 {[%emt 0:00:04]} 13. Ne4 {[%emt 0:00:01]} Nxe4 {[%emt 0:00:05]} 14. Bxe4 {[%emt 0:00:01]} g6 {[%emt 0:00:01]} 15. Nf3 {[%emt 0:00:27]} f6 {[%emt 0:00:02]} 16. Kg2 {[%emt 0:00:02]} a5 {[%emt 0:00:03]} 17. Rac1 {[%emt 0:00:07]} Be7 {[%emt 0:00:04]} 18. Bc3 {[%emt 0:00:21]} a4 {[%emt 0:00:15]} 19. b4 {[%emt 0:00:19]} Nb6 {[%emt 0:00:01]} 20. c5 {[%emt 0:00:01]} Nd5 {[%emt 0:00:11]} 21. a3 {[%emt 0:00:03]} Rfd8 {[%emt 0:00:01]} 22. Bb2 {[%emt 0:00:04]} Bf8 {[%emt 0:00:23]} 23. Bc2 {[%emt 0:00:04]} Bh6 {[%emt 0:00:01]} 24. e3 {[%emt 0:00:12]} Kf7 {[%emt 0:00:28]} 25. Re1 {[%emt 0:00:01]} Nc7 {[%emt 0:00:03]} 26. Rcd1 {[%emt 0:00:02]} Bd5 {[%emt 0:00:02]} 27. g4 {[%emt 0:00:07]} Nb5 {[%emt 0:00:13]} 28. Kg3 {[%emt 0:00:01]} Bg7 {[%emt 0:00:07]} 29. e4 {[%emt 0:00:03]} Be6 {[%emt 0:00:29]} 30. Rxd8 {[%emt 0:00:01]} Rxd8 {[%emt 0:00:00]} 31. Rd1 {[%emt 0:00:01]} Ra8 {[%emt 0:00:02]} 32. g5 {[%emt 0:00:04]} Ke7 {[%emt 0:00:01]} 33. h4 {[%emt 0:00:04]} f5 {[%emt 0:00:01]} 34. Re1 {[%emt 0:00:04]} f4+ {[%emt 0:00:02]} 35. Kg2 {[%emt 0:00:00]} Bb3 {[%emt 0:00:00]} 36. Bd3 {[%emt 0:00:02]} Ke6 {[%emt 0:00:05]} 37. Re2 {[%emt 0:00:03]} Rd8 {[%emt 0:00:02]} 38. Rd2 {[%emt 0:00:03]} Rd7 {[%emt 0:00:05]} 39. Kg1 {[%emt 0:00:01]} Nc7 {[%emt 0:00:01]} 40. Bf1 {[%emt 0:00:02]} Rxd2 {[%emt 0:00:02]} 41. Nxd2 {[%emt 0:00:00]} Ba2 {[%emt 0:00:00]} 42. Bh3+ {[%emt 0:00:01]} Ke7 {[%emt 0:00:02]} 43. Nf3 {[%emt 0:00:01]} Nb5 {[%emt 0:00:01]} 44. Bf1 {[%emt 0:00:00]} Nd4 {[%emt 0:00:02]} 45. Nxd4 {[%emt 0:00:01]} exd4 {[%emt 0:00:00]} 46. Bd3 {[%emt 0:00:01]} f3 {[%emt 0:00:02]} 47. Kf1 {[%emt 0:00:03]} Be5 {[%emt 0:00:01]} 48. Bc1 {[%emt 0:00:01]} Bb3 {[%emt 0:00:03]} 49. Ke1 {[%emt 0:00:01]} Ke6 {[%emt 0:00:00]} 50. Bd2 {[%emt 0:00:01]} Bh2 {[%emt 0:00:01]} 51. Kf1 {[%emt 0:00:01]} Ke5 {[%emt 0:00:01]} 52. Bc1 {[%emt 0:00:01]} Bf4 {[%emt 0:00:01]} 53. Bxf4+ {[%emt 0:00:03]} Kxf4 {[%emt 0:00:01]} 54. Ke1 {[%emt 0:00:00]} Kg4 {[%emt 0:00:00]} 55. e5 {[%emt 0:00:02]} Kxh4 {[%emt 0:00:03]} 56. b5 {[%emt 0:00:00]} Kxg5 {[%emt 0:00:02]} 57. b6 {[%emt 0:00:01]} Be6 {[%emt 0:00:03]} 58. Be4 {[%emt 0:00:00]} Bc8 {[%emt 0:00:01]} 59. Bxf3 {[%emt 0:00:02]} Kf4 {[%emt 0:00:01]} 60. Bxc6 {[%emt 0:00:01]} Kxe5 {[%emt 0:00:03]} 61. Bxa4 {[%emt 0:00:01]} d3 {[%emt 0:00:00]} 62. c6 {[%emt 0:00:01]} Kd4 {[%emt 0:00:01]} 63. Kd2 {[%emt 0:00:01]} Kc5 {[%emt 0:00:02]} 64. cxb7 {[%emt 0:00:01]} Bxb7 {[%emt 0:00:00]} 65. Kxd3 {[%emt 0:00:01]} Kxb6 {[%emt 0:00:01]} 66. Ke3 {[%emt 0:00:00]} Kc7 {[%emt 0:00:01]} 67. Bc2 {[%emt 0:00:01]} Kd6 {[%emt 0:00:01]} 68. Kf4 {[%emt 0:00:00]} Ke6 {[%emt 0:00:07]} 69. Kg5 {[%emt 0:00:01]} Kf7 {[%emt 0:00:00]} 70. Kh6 {[%emt 0:00:01]} Kg8 {[%emt 0:00:01]} 71. Bb3+ {[%emt 0:00:01]} Kh8 {[%emt 0:00:00]} 72. a4 {[%emt 0:00:00]} Ba6 {[%emt 0:00:01]} 73. a5 {[%emt 0:00:01]} Bb5 {[%emt 0:00:01]} 74. Bd5 {[%emt 0:00:01]} Ba6 {[%emt 0:00:00]} 75. f4 {[%emt 0:00:00]} g5 {[%emt 0:00:04]} 76. fxg5 {[%emt 0:00:02]} Bc4 {[%emt 0:00:01]} 77. Be4 {[%emt 0:00:00]} Ba6 {[%emt 0:00:00]} 78. Bxh7 {[%emt 0:00:02]} 1-0

[Event "Speed Chess Championship 2020"]
[Site "Online"]
[Date "2020.11.15"]
[Round "1.15"]
[White "Duda, Jan-Krzysztof"]
[Black "Caruana, Fabiano"]
[Result "1/2-1/2"]
[WhiteElo "2743"]
[BlackElo "2823"]
[Annotator "TA"]
[PlyCount "160"]
[EventDate "2020.10.31"]
[EventType "k.o."]
[EventCountry "NET"]
[SourceTitle "playchess.com"]
[Source "ChessBase"]
[SourceQuality "1"]

{[%evp 14,159,47,18,14,16,15,4,17,27,27,2,66,17,17,14,14,19,24,20,18,25,23,0,0,0,9,0,15,0,0,-57,0,-31,-32,-38,-38,-225,-39,-32,-25,-16,0,0,-6,-14,75,73,464,464,529,527,533,524,639,-53,84,60,62,-58,-59,-151,-155,-158,-158,-128,-13,-13,-13,-13,-16,-27,-8,-8,-8,-8,-9,-119,-96,-252,-252,-435,-417,-672,-671,-650,-637,-593,-249,-243,-229,-573,-240,-619,-242,-237,-205,-387,-20,-20,-20,-20,-20,-20,-20,-20,-20,-20,-20,-20,-20,-20,-20,-20,-20,-20,-20,-20,-20,-20,-20,-20,-20,-20,-20,-20,-20,-20,-20,-20,-20,-20,-20,-20,-20,-20,-20,-20,-20,-20,0,0,0,0,0,0,0,0]} 1. e4 e5 2. Nf3 Nf6 3. Nxe5 d6 4. Nf3 Nxe4 5. d4 d5 6. Bd3 Bf5 7. O-O Be7 8. c4 dxc4 {C42: Petroff Defence: 3 Nxe5 and unusual White 3rd moves.} 9. Bxc4 O-O 10. Re1 Nc6 11. Nc3 Nd6 12. Bb3 {[#]} Nb4 $146 (12... Bg4 $11) ({Predecessor:} 12... Bg4 13. d5 Bxf3 14. Qxf3 Nd4 15. Qd1 Bf6 16. Bf4 Re8 17. Rxe8+ Qxe8 18. h3 Qd7 {½-½ (39) Navara,D (2740)-Wei,Y (2743) Yancheng 2018}) 13. a3 Nd3 14. Re2 Nxc1 15. Qxc1 c6 16. Qf4 Bf6 17. Rae1 g6 18. g4 g5 19. Qg3 Bg6 20. Ne5 Kg7 21. Ba2 Rc8 22. Re3 (22. Rd1 $11) 22... Rc7 ({Black should try} 22... Nb5 $1 $15) 23. Ne2 Re8 24. Nc3 Rce7 25. f4 $2 (25. b4 $15) 25... gxf4 $2 (25... Qb6 $19 26. Qf2 Qxd4 {[%mdl 64] Double Attack}) 26. Qxf4 $15 h6 {And now ...Bg5 would win.} 27. R3e2 (27. Rh3 $2 Bg5 $19) 27... Nc8 28. Kh1 ({Avoid the trap} 28. Rf2 $2 Bg5 $19) 28... Nb6 29. Rf1 ({Not} 29. Rf2 $2 Bg5 $19) 29... Bg5 (29... Nd7 $1 $11) 30. Qf2 $36 {[%mdl 2048] White is really pushing.} Qd6 $2 {[%mdl 8192]} (30... Rc7 $16) 31. h4 $18 Bf6 {[%cal Rf6e5]} 32. h5 Bh7 33. Nxf7 Qxd4 {[#] Strongly threatening ...Rxe2.} 34. Rxe7 $2 (34. g5 $1 $18 {[%cal Rg5f6][%mdl 512]} Qxf2 (34... Bxg5 35. Qxd4+) 35. gxh6+ (35. gxf6+ Qxf6 36. Rg2+ Qg5 $14) 35... Kg8 36. Rexf2) 34... Rxe7 {[#]} (34... Qxf2 $15 35. Nd6+ Rxe7 36. Rxf2 Be5) 35. Qxd4 $1 $16 Bxd4 36. Nd6 (36. g5 $1 $14 Bd3 37. Rd1) 36... Be5 $15 37. Nf5+ (37. Nce4 $1 $15) 37... Bxf5 $17 38. Rxf5 Bxc3 39. bxc3 {[%mdl 4096] Endgame KRB-KRN} Re1+ (39... Na4 $17 40. Bc4 Nxc3) 40. Kg2 $11 Re2+ 41. Rf2 Rxf2+ 42. Kxf2 {KB-KN} Na4 43. c4 Kf6 {Black wants to play ...Kg5.} (43... Nc3 $5 44. Bb3 $8 Ne4+ 45. Ke3 Nc5 $11) 44. Bb3 Nc5 45. Bc2 (45. Bd1 $1 $11 {was the only way to keep the balance.}) 45... Nd7 $17 46. Kg3 $2 (46. Bf5 $17 Ne5 47. c5) 46... Ne5 $19 47. Bb3 $2 (47. c5) 47... Kg5 48. c5 (48. a4 $142) 48... Nd3 49. Be6 Nxc5 50. Bc8 b6 (50... Ne4+ $142 51. Kf3 Nd6) 51. Kf3 Nb3 52. Ke4 $2 (52. Ke3 {is more resistant.}) 52... c5 (52... Nd2+ $142 53. Kd3 Nf1) 53. Kd5 $2 (53. a4) 53... Nd4 $2 (53... b5 54. Ke4 c4) 54. a4 Ne2 55. a5 $2 (55. Kc4 {was the only defense.}) 55... bxa5 $2 (55... Nc3+ $19 56. Kc6 Nd1) 56. Kxc5 $11 {The position is equal.} Nc3 57. Bd7 Ne4+ 58. Kb5 Nf6 59. Be6 Nxg4 60. Bf7 $1 Nf6 61. Kxa5 {Cut Off at move 61} Nxh5 62. Ka6 Ng7 63. Kxa7 Kf6 64. Bd5 h5 65. Kb6 h4 66. Bg2 Ke5 67. Kc5 Ne6+ 68. Kc4 Kf4 {White must now prevent ...Kg3.} 69. Bh3 Ng5 70. Bc8 Ke4 71. Kc3 Ke3 72. Kc2 Nf3 73. Kd1 Kf2 74. Bg4 Ne5 75. Be6 Kg3 76. Ke2 Ng4 77. Bxg4 Kxg4 78. Kf2 h3 79. Kg1 Kg3 80. Kh1 h2 {Quite a comeback for White.  Weighted Error Value: White=0.60/Black=0.66} 1/2-1/2